000 01015nab a22002177a 4500
999 _c6054
_d6054
003 OSt
005 20260120233447.0
008 190514b xxu||||| |||| 00| 0 spa d
040 _cPJ
100 _96152
_aRicolfi, Miriam Florencia
245 1 0 _aEmplazar sin desplazar. La pluriparentalidad /
_cMiriam Florencia Ricolfi.
300 _ap. 116-121
500 _aCita: TR LALEY AR/DOC/251/2024.
505 _aSumario: I. Introducción.— II. Situación fáctica.— III. Pluriparentalidad y familias.— IV. Cambios que propone la pluriparentalidad.— V. Conclusión.
505 _tFallo comentado. JFamilia de Rawson ~ 11/07/2023 ~ Declaración judicial de situación de adoptabilidad del niño A. F. F. C.
650 0 _9967
_aDERECHO DE FAMILIA
650 0 _91004
_aFILIACION
650 0 _91057
_aJURISPRUDENCIA APLICABLE
773 0 _02844
_93222
_dBuenos Aires : AbeledoPerrot, 1989-
_tDerecho de familia. Revista Interdisciplinaria de doctrina y jurisprudencia. Abril 2024-II.
_z18511201
942 _2udc
_cANA